Super Smash Bros. Fighters #51-53 - The Mii Quiz - Statistics

General Stats
  • This quiz has been taken 270 times
  • The average score is 12 of 16
Answer Stats
Question Answer % Correct
What are the three types of Mii Fighters in Super Smash Bros? Mii {Gunner}
95%
What are the three types of Mii Fighters in Super Smash Bros? Mii {Swordfighter}
94%
What was the very first game that used Miis? Wii Sports, Wii Play
94%
What are the three types of Mii Fighters in Super Smash Bros? Mii {Brawler}
93%
What year was the Wii released? 2006
92%
How many colours can you make your Mii’s clothes? 12
86%
What Mii has become infamous for his role as the boxing coach? Matt
77%
On the Wii, what was the name of the software that could create Miis? Mii Channel
72%
And what was it renamed to on the 3DS? Mii Maker
70%
Special Miis received from events will have what colour of pants? Gold
68%
This 3DS game features you taking care of Miis on an island. Tomodachi Life
67%
Travel across the land to stop the Dark Lord from stealing everyone’s faces. Miitopia
65%
Where do the Miis live in Wii Sports Resort? Wuhu Island
64%
Name a game that has sold more than Wii Sports. Tetris, Minecraft, Grand Theft Auto V
59%
For the Mii Fighters Smash Bros. reveal, what two people were fighting each other? Reggie Fils-Aime
56%
For the Mii Fighters Smash Bros. reveal, what two people were fighting each other? Satoru Iwata
50%
No matching quizzes found
Score Distribution
Percent of People with Each Score
Percentile by Number Answered
Your Score History
You have not taken this quiz